Problemas prácticos en Pediatría / (Record no. 81586)

MARC details
000 -LEADER
campo de control de longitud fija 00530nam a2200181 i 4500
001 - NÚMERO DE CONTROL
campo de control 81586
003 - IDENTIFICADOR DE NÚMERO DE CONTROL
campo de control ES-MaACL
005 - FECHA Y HORA DE LA ÚLTIMA TRANSACCIÓN
campo de control 20251126143554.0
007 - CAMPO FIJO DE DESCRIPCIÓN FÍSICA--INFORMACIÓN GENERAL
campo de control de longitud fija t|
008 - DATOS DE LONGITUD FIJA--INFORMACIÓN GENERAL
campo de control de longitud fija 041105s1969 sp ||||1| spa d
100 1# - ENTRADA PRINCIPAL--NOMBRE DE PERSONA
Nombre de persona Hutchison, James H.
9 (RLIN) 64839
245 10 - MENCIÓN DEL TÍTULO
Título Problemas prácticos en Pediatría /
Mención de responsabilidad, etc. por James H. Hutchison ; versión, P. Roca Amigó.
250 ## - MENCION DE EDICION
Mención de edición [1ª ed.].
260 ## - PUBLICACIÓN, DISTRIBUCIÓN, ETC.
Lugar de publicación, distribución, etc. Barcelona :
Nombre del editor, distribuidor, etc. Toray,
Fecha de publicación, distribución, etc. [1969]
700 0# - ENTRADA AGREGADA--NOMBRE PERSONAL
Nombre de persona Roca Amigó, Pedro
9 (RLIN) 97984
852 ## - LOCALIZACIÓN
Ubicación ES-MaACL
Número de control de estantería C-36423
Sublocalización o colección R.69364
Holdings
Estatus retirado Estado de pérdida Estado de daño No para préstamo Biblioteca de origen Biblioteca actual Ubicación en estantería Fecha de adquisición Fuente de adquisición Total de préstamos Signatura topográfica completa Código de barras Visto por última vez Precio de reemplazo Tipo de ítem Koha
        Biblioteca del Ateneo de Madrid Biblioteca del Ateneo de Madrid Depósito 2 17/01/2008     C-36423 1085281 23/02/2023 23/02/2023 Libro impreso